Normal view
MARC view
Entry Personal Name
001 - CONTROL NUMBER
- control field: 6512
003 - CONTROL NUMBER IDENTIFIER
- control field: BD-RjUL
005 - DATE AND TIME OF LATEST TRANSACTION
- control field: 20230111104759.0
008 - FIXED-LENGTH DATA ELEMENTS
- fixed length control field: 230111|| aca||aabn | a|a d
040 ## - CATALOGING SOURCE
- Original cataloging agency: BD-RjUL
- Transcribing agency: BD-RjUL
100 ## - HEADING--PERSONAL NAME
- Personal name: ʿĀmirī, Abū al-Ḥasan Muḥammad ibn Yūsuf .عامري، أبو الحسن محمد بن يوسف
670 ## - SOURCE DATA FOUND
- Source citation: Work cat.: (BD-RjUL)81045: ʿĀmirī, Abū al-Ḥasan Muḥammad ibn Yūsuf .عامري، أبو الحسن محمد بن يوسف., السعادة والإسعاد في السيرة الإنسانية / al-Saʿādah wa-al-isʿād fī al-sīrah al-insānīyah /, 1336 [1958]